000 00589nam a22002417a 4500
003 UA-OsUOA
001 71383
007 ta
008 20101022b un ||||| |||| 00| 0 ukr d
100 _aЄщенко П.
090 _a330
_bЕ99
942 _cBK
040 _aUA-OsUOA
_bukr
_cUA-OsUOA
_dUA-OsUOA
245 _aЕкономіка для всіх
300 _a478 с.
955 _a2
041 _aukr
080 _a330
020 _a978-966-642-432-Х
260 _aК.
_bВища школа
_c2009
650 7 _a330 Економіка взагалі
_2UDC
999 _c357657
_d357657